Datum a čas kvízu
33
Celkem bodů
Celkový počet nahraných bodů na tomto kvízu bez doplňovacích otázek.
2.
Pořadí na kvízu
Konečné umístění týmu na tomto kvízu.
Zaznamenané odpovědi
| # | Otázka | Odpověď | Body | Výsledky |
|---|---|---|---|---|
| 1. | Každý řidič ví, že dopravní si... | Ulice 17. listopadu. | 0 | |
| 2. | Astronautům vracejícím se v mo... | Porouchaný záchod. | 1 | |
| 3. | Česká televize představila let... | B | 1 | |
| 4. | Český internetový prodejce, je... | Notino | 0 | |
| 5. | Mezinárodní unie moderního pět... | parkur/jezdectví | 1 | |
| 6. | Podíváme se mezi lékaře, kteří... | Sám sobě vyoperoval slepé střevo (a přežil). | 1 | |
| 7. | V roce 2017 byl na Harvardově... | Bohdan Pomahač | 1 | |
| 8. | Jednou z postav seriálu Futura... | Zoidberg | 1 | |
| 9. | Další z mnoha veřejně známých... | A) plastická chirurgie | 1 | |
| 10. | Chirurga Benjamina Franklina „... | Woody Allen | 0 |